Places With Airports - Sudden Death! - Statistics

General Stats
  • This quiz has been taken 245 times
  • The average score is 10 of 21
Answers on the Grid
Answers color-coded by a green-red scale on the quiz's grid according to % correct below.
Bir Tawil
Caprivi Strip
Crimea
Ngerulmud
Pitcairn Islands
Fremont
Manhattan Island
Tokelau
San Marino
Palestine
Mars
Florida Keys
Death Valley
Kuwait City
Northern Ireland
Catalonia
Istanbul
Kyushu
French Polynesia
Wisconsin
Siberia
New Guinea
Atlanta
Oahu
Sicily
Crete
The Bahamas
Greenland
Puerto Rico
Antarctica
Singapore
Lima
 
Answer Stats
Answer % Correct
Istanbul
79%
Singapore
71%
Atlanta
67%
Puerto Rico
66%
Lima
64%
The Bahamas
64%
Greenland
61%
Sicily
55%
Northern Ireland
54%
Kuwait City
53%
Wisconsin
51%
Siberia
44%
Catalonia
43%
New Guinea
42%
Crete
41%
French Polynesia
39%
Oahu
34%
Florida Keys
31%
Kyushu
27%
Antarctica
22%
Death Valley
6%
No matching quizzes found
Score Distribution
Percent of People with Each Score
Percentile by Number Answered
Your Score History
You have not taken this quiz